Southville International School and Colleges
Your cart is empty.
  • Cart
  • Lists
    Public lists Eva Luna New books Lux_list list_1
    Your lists Log in to create your own lists
  • Log in to your account
  • Your cookies
  • Search history
Southville International School and Colleges
  • Advanced search
  • Recent comments
  • Most popular
  • Libraries

Log in to your account

Log in with GOOGLE


If you do not have an external account, but do have a local account, you can still log in:

  1. Home
  2. MARC view: Corporate information systems management :
Normal view MARC view ISBD view

Corporate information systems management : (Record no. 14676)

[ view plain ]
MARC details
000 -LEADER
fixed length control field 00749nam a2200229 a 4500
003 - CONTROL NUMBER IDENTIFIER
control field PILC
005 - DATE AND TIME OF LATEST TRANSACTION
control field 20150112093439.0
008 - FIXED-LENGTH DATA ELEMENTS--GENERAL INFORMATION
fixed length control field 101028s19uu xx 00 eng d
020 ## - INTERNATIONAL STANDARD BOOK NUMBER
International Standard Book Number 0256087059
050 ## - LIBRARY OF CONGRESS CALL NUMBER
Classification number T 58.6
Item number .C674 1992
082 ## - DEWEY DECIMAL CLASSIFICATION NUMBER
Classification number MnSF 658.4038
Item number C81 1992
100 ## - MAIN ENTRY--PERSONAL NAME
Personal name Cash, Jr. James
9 (RLIN) 17467
245 ## - TITLE STATEMENT
Title Corporate information systems management :
Remainder of title Text and cases /
Statement of responsibility, etc James I. Cash, Jr. ... [et al.].
250 ## - EDITION STATEMENT
Edition statement 3rd ed.
260 ## - PUBLICATION, DISTRIBUTION, ETC. (IMPRINT)
Place of publication, distribution, etc Boston, MA :
Name of publisher, distributor, etc Richard D. Irwin, Inc,
Date of publication, distribution, etc 1992.
300 ## - PHYSICAL DESCRIPTION
Extent 702 pages :
Other physical details illustration ;
Dimensions 27 cm.
650 ## - SUBJECT ADDED ENTRY--TOPICAL TERM
Topical term or geographic name as entry element Management information system
9 (RLIN) 17468
700 ## - ADDED ENTRY--PERSONAL NAME
Personal name McFarlan, F. Warren
9 (RLIN) 17469
700 ## - ADDED ENTRY--PERSONAL NAME
Personal name McKenney, James L.
9 (RLIN) 17470
700 ## - ADDED ENTRY--PERSONAL NAME
Personal name Applegate, Lynda M.
9 (RLIN) 17471
942 ## - ADDED ENTRY ELEMENTS (KOHA)
Source of classification or shelving scheme Library of Congress Classification
Koha item type Books
Holdings
Withdrawn status Lost status Source of classification or shelving scheme Damaged status Home library Current library Shelving location Date acquired Total Checkouts Full call number Barcode Date last seen Copy number Price effective from Koha item type
    Library of Congress Classification   Southville International School Affiliated with Foreign Universities Library Southville International School Affiliated with Foreign Universities Library Southville Foreign University Section 09/09/2013   T 58.6 .C674 1992 SFU1442 05/15/2018 1 09/09/2013 Books
    Library of Congress Classification   Southville International School Affiliated with Foreign Universities Library Southville International School Affiliated with Foreign Universities Library Southville Foreign University Section 09/09/2013   T 58.6 .C674 1992 SFU1443 05/15/2018 2 09/09/2013 Books

Corporate information systems management :

APA

Cash J. J., McFarlan F. W., McKenney J. L. & Applegate L. M. (1992). Corporate information systems management. Boston, MA: Richard D. Irwin, Inc.

Chicago

Cash Jr James, McFarlan F Warren, McKenney James L and Applegate Lynda M. 1992. Corporate information systems management. Boston, MA: Richard D. Irwin, Inc.

Harvard

Cash J. J., McFarlan F. W., McKenney J. L. and Applegate L. M. (1992). Corporate information systems management. Boston, MA: Richard D. Irwin, Inc.

MLA

Cash Jr James, McFarlan F Warren, McKenney James L and Applegate Lynda M. Corporate information systems management. Boston, MA: Richard D. Irwin, Inc. 1992.

  • Place hold
  • Print
  • Cite
  • Add to your cart (remove)
  • Save record
    BIBTEX Dublin Core MARCXML MARC (non-Unicode/MARC-8) MARC (Unicode/UTF-8) MARC (Unicode/UTF-8, Standard) MODS (XML) RIS
  • More searches
    Search for this title in:
    Other Libraries (WorldCat) Other Databases (Google Scholar) Online Stores (Bookfinder.com) Open Library (openlibrary.org)

Exporting to Dublin Core...

SOUTHVILLE LIBRARY

Southville International School and Colleges Library

1281 Tropical Ave. Cor. Luxembourg St., BF Homes International, Las Pinas City

Tel. No. 8256374 / 252358 Loc. 117/146

Powered by Koha